<?xml version="1.0" encoding="UTF-8"?>
<record
    xmlns:xsi="http://www.w3.org/2001/XMLSchema-instance"
    xsi:schemaLocation="http://www.loc.gov/MARC21/slim http://www.loc.gov/standards/marcxml/schema/MARC21slim.xsd"
    xmlns="http://www.loc.gov/MARC21/slim">

  <leader>00818cam a22002291  4500</leader>
  <controlfield tag="001">ne 64001233 </controlfield>
  <controlfield tag="003">DLC</controlfield>
  <controlfield tag="005">20260227111800.0</controlfield>
  <controlfield tag="008">870505s1962    au ab         000 0 arar </controlfield>
  <datafield tag="010" ind1=" " ind2=" ">
    <subfield code="a">ne 64001233 </subfield>
  </datafield>
  <datafield tag="025" ind1=" " ind2=" ">
    <subfield code="a">PL480: UAR-3032</subfield>
  </datafield>
  <datafield tag="035" ind1=" " ind2=" ">
    <subfield code="a">(OCoLC)23514840</subfield>
  </datafield>
  <datafield tag="040" ind1=" " ind2=" ">
    <subfield code="a">DLC</subfield>
    <subfield code="c">MiU</subfield>
    <subfield code="d">DLC</subfield>
  </datafield>
  <datafield tag="042" ind1=" " ind2=" ">
    <subfield code="a">premarc</subfield>
  </datafield>
  <datafield tag="050" ind1="0" ind2="0">
    <subfield code="a">D198.4.H25</subfield>
    <subfield code="b">S2</subfield>
  </datafield>
  <datafield tag="100" ind1="1" ind2=" ">
    <subfield code="a">Sa&#x2BB;d&#x101;w&#x12B;, Na&#x1E93;&#x12B;r, &#x1E24;ass&#x101;n.</subfield>
  </datafield>
  <datafield tag="245" ind1="1" ind2="3">
    <subfield code="a">al-Shaykh &#x2BB;&#x12B;s&#xE1;,</subfield>
    <subfield code="b">qi&#x1E63;&#x1E63;ah w&#x101;qi&#x2BB;&#x12B;yah li-sh&#x101;bb &#x2BB;Ir&#x101;q&#x12B; &#x2BB;amila bi-jaysh &#x1E62;al&#x101;&#x1E25; al-D&#x12B;n,</subfield>
    <subfield code="c">ta&#x2BB;l&#x12B;f Naz&#x12B;r &#x1E24;ass&#x101;n Sa&#x2BB;d&#x101;w&#x12B;.</subfield>
  </datafield>
  <datafield tag="260" ind1=" " ind2=" ">
    <subfield code="a">[al-Q&#x101;hirah]</subfield>
    <subfield code="b">Maktabat al-Nah&#x1E0D;ah [al-Mi&#x1E63;r&#x12B;yah,</subfield>
    <subfield code="c">1962]</subfield>
  </datafield>
  <datafield tag="300" ind1=" " ind2=" ">
    <subfield code="a">60 p.</subfield>
    <subfield code="b">illus., map.</subfield>
    <subfield code="c">17 cm.</subfield>
  </datafield>
  <datafield tag="490" ind1="0" ind2=" ">
    <subfield code="a">Min a&#x1E05;t&#x101;l al-qawm&#x12B;yah al-&#x2BB;Arab&#x12B;yah.</subfield>
  </datafield>
  <datafield tag="600" ind1="1" ind2="0">
    <subfield code="a">Hakk&#x101;r&#x12B;, &#x2BB;Is&#x101; ibn Mu&#x1E25;ammad,</subfield>
    <subfield code="d">-1189</subfield>
    <subfield code="v">Juvenile literature.</subfield>
  </datafield>
  <datafield tag="999" ind1=" " ind2=" ">
    <subfield code="c">47027</subfield>
    <subfield code="d">47027</subfield>
  </datafield>
</record>
